Le temps des tribus : le declin de l'individualisme dans les societes de masse

Αποθηκεύτηκε σε:
Λεπτομέρειες βιβλιογραφικής εγγραφής
Κύριος συγγραφέας: Maffesoli, Michel
Μορφή: Βιβλίο
Γλώσσα:French
Δημοσίευση: Paris : Meridiens Klincksieck, 1988
Σειρά:Collection "Sociologies au quotidien"
Θέματα:
Ετικέτες: Προσθήκη ετικέτας
Δεν υπάρχουν, Καταχωρήστε ετικέτα πρώτοι!

MARC

LEADER 00000nam a2200000 i 4500
001 1/103101
008 950512s1988 fre d
020 |a 2-86563-190-7 
035 |l 10012760 
040 |a GR-MY-UA  |b gre  |e aacr 
041 0 |a fre 
082 0 |a 155.2 
100 1 |a Maffesoli, Michel. 
245 1 3 |a Le temps des tribus :  |b le declin de l'individualisme dans les societes de masse /  |c Michel Maffesoli 
260 |a Paris :   |b Meridiens Klincksieck,   |c 1988 
300 |a 226 p.;  |c 21 cm 
490 1 |a Collection "Sociologies au quotidien"  |x 0750-9685 
504 |a Bibliography: p. [199]-220. Includes index 
650 0 0 |a Group identity. 
650 0 0 |a Individualism. 
650 0 0 |a Pluralism (Social sciences) 
650 0 0 |a Social change. 
852 |a INST  |b LESVOS  |e 19950512  |h 155.2 MAF  |p 005100000927  |q 005100000927  |t BK  |y 0 
909 |a Λ  |b 015318